|
|
|
|
| LEADER |
01088nam a2200253 i 4500 |
| 001 |
GR-MES2054 |
| 003 |
GR-PaULI |
| 005 |
20241108113636.0 |
| 008 |
991111t1995 gr a g 001 b eng d |
| 020 |
|
|
|a 0444821775
|
| 040 |
|
|
|a GrPaTEI
|b gre
|c GR-PaULI
|e AACR2
|
| 082 |
0 |
4 |
|2 23
|a 597.17
|
| 245 |
0 |
0 |
|a Environmental and ecological biochemistry /
|c edited by P. W. Hochachka and T.P. Mommesn.
|
| 260 |
|
|
|a Amsterdam :
|b Elsevier,
|c 1995.
|
| 300 |
|
|
|a 455 σ. :
|b εικ. ;
|c 25 εκ.
|
| 490 |
0 |
|
|a Biochemistry and molecular biology of fishes ;
|v 5
|
| 504 |
|
|
|a Περιλαμβάνει βιβλιογραφία και ευρετήριο.
|
| 650 |
|
4 |
|a Ψάρια
|x Οικολογία
|9 84411
|
| 700 |
1 |
|
|a Hochachka, P. W.
|9 19948
|e επιμελητής.
|
| 700 |
1 |
|
|a Mommsen, T. P.
|9 19949
|e επιμελητής.
|
| 942 |
|
|
|2 ddc
|c BK
|
| 952 |
|
|
|0 0
|1 0
|2 ddc
|4 0
|6 597_170000000000000_ENV
|7 0
|9 266359
|a MSLG
|b MSLG
|c BSC
|d 2021-01-17
|e 24
|f 0
|g 0.00
|l 0
|o 597.17 ENV
|p 2420000005599
|r 2021-01-17 00:00:00
|t 1
|w 2021-01-17
|y BK15
|x 19991111 0 1
|x GrPaTEI
|
| 998 |
|
|
|c ΒΑΣΙΛΕΙΟΥ
|d 2024-11
|
| 999 |
|
|
|c 153215
|d 153215
|